Social work practice : (Record no. 95850)
[ view plain ]
| 000 -LEADER | |
|---|---|
| fixed length control field | 01293nam a22003137a 4500 |
| 005 - DATE AND TIME OF LATEST TRANSACTION | |
| control field | 20170717103046.0 |
| 010 ## - LCCN (DPL NO) | |
| LC control number | 1516EN07 ENG-114731 |
| 020 ## - INTERNATIONAL STANDARD BOOK NUMBER | |
| International Standard Book Number | 9789332550377 |
| Terms of availability | 450.00 |
| 020 ## - INTERNATIONAL STANDARD BOOK NUMBER | |
| International Standard Book Number | 9789332550377 |
| Terms of availability | 529.00 (AV) |
| 035 ## - SYSTEM CONTROL NUMBER | |
| System control number | EN-98263 |
| 035 ## - SYSTEM CONTROL NUMBER | |
| System control number | B-613380-394 |
| 035 ## - SYSTEM CONTROL NUMBER | |
| System control number | B-668050 |
| 037 ## - SOURCE OF ACQUISITION | |
| Stock number | DPL |
| Source of stock number/acquisition | Techniz/Ven |
| 037 ## - SOURCE OF ACQUISITION | |
| Source of stock number/acquisition | DBAD/PUB |
| 082 ## - DEWEY DECIMAL CLASSIFICATION NUMBER | |
| Classification number | 361.32 |
| 100 ## - MAIN ENTRY--PERSONAL NAME | |
| Personal name | Johnson, Louise C. |
| 245 ## - TITLE STATEMENT | |
| Title | Social work practice : |
| Statement of responsibility, etc | by Louise C.Johnson [and] Stephen J.Yanca |
| Remainder of title | a generalist approach / |
| 250 ## - EDITION STATEMENT | |
| Edition statement | 10th ed |
| 260 ## - PUBLICATION, DISTRIBUTION, ETC. (IMPRINT) | |
| Place of publication, distribution, etc | New Delhi |
| Name of publisher, distributor, etc | Pearson Education |
| Date of publication, distribution, etc | 2015 |
| 270 ## - ADDRESS | |
| Address | 11 Community Center, Panchsheel Park |
| City | New Delhi |
| Postal code | 110017 |
| 300 ## - PHYSICAL DESCRIPTION | |
| Extent | xx,459p.: |
| Other physical details | ill. |
| Dimensions | 25cm(pbk) |
| 500 ## - GENERAL NOTE | |
| General note | Includes bibliographical references and index<br/> |
| 650 ## - SUBJECT ADDED ENTRY--TOPICAL TERM | |
| Topical term or geographic name as entry element | Social service. |
| 650 ## - SUBJECT ADDED ENTRY--TOPICAL TERM | |
| Topical term or geographic name as entry element | Social case work. |
| 700 ## - ADDED ENTRY--PERSONAL NAME | |
| Personal name | Yanca,Stephen J. |
| 942 ## - ADDED ENTRY ELEMENTS (KOHA) | |
| Source of classification or shelving scheme | Dewey Decimal Classification |
| Item type | English Books |
| Call number suffix | JOH |
| Classification part | 361.32 |
| Withdrawn status | Lost status | Not for loan | Collection code | Home library | Current library | Date acquired | Source of acquisition | Cost, normal purchase price | Full call number | Barcode | Copy number | Cost, replacement price | Koha item type |
|---|---|---|---|---|---|---|---|---|---|---|---|---|---|
| Non-fiction | Ashok Vihar | Ashok Vihar | 17/07/2017 | BPPD/EN/2015-16/AV/16-17/407/15.2.2017/17434/24.2.2017/ 18.3.2017 | 529.00 | 361.32 JOH | B-668050 | 1 | 529.00 | English Books | |||
| Non-fiction | Bawana | Bawana | 18/02/2016 | TZ-15261-A/24.09.2015/144/16.09.2015/4.11.2015 | 450.00 | 361.32 JOH | B-613391 | 1 | 450.00 | English Books | |||
| Non-fiction | Bawana | Bawana | 18/02/2016 | TZ-15261-A/24.09.2015/144/16.09.2015/4.11.2015 | 450.00 | 361.32 JOH | B-613393 | 1 | 450.00 | English Books | |||
| Non-fiction | Central Library | Central Library | 18/02/2016 | TZ-15261-A/24.09.2015/144/16.09.2015/4.11.2015 | 450.00 | 361.32 JOH | B-613380 | 2 | 450.00 | English Books | |||
| Non-fiction | Central Library | Central Library | 18/02/2016 | TZ-15261-A/24.09.2015/144/16.09.2015/4.11.2015 | 450.00 | 361.32 JOH | B-613381 | 2 | 450.00 | English Books | |||
| Not For Loan | Reference | Central Library | Central Library | 18/02/2016 | TZ-15261-A/24.09.2015/144/16.09.2015/4.11.2015 | 450.00 | 361.32 JOH | B-613382 | 1 | 450.00 | English Books | ||
| Not For Loan | Non-fiction | D.B.Act.Division | D.B.Act.Division | 08/01/2016 | DBAD/PUB | 450.00 | 361.32 JOH | EN-98263 | 1 | 450.00 | English Books | ||
| Non-fiction | Janak Puri | Janak Puri | 18/02/2016 | TZ-15261-A/24.09.2015/144/16.09.2015/4.11.2015 | 450.00 | 361.32 JOH | B-613387 | 1 | 450.00 | English Books | |||
| Non-fiction | Kasturba Gandhi Marg | Kasturba Gandhi Marg | 18/02/2016 | TZ-15261-A/24.09.2015/144/16.09.2015/4.11.2015 | 450.00 | 361.32 JOH | B-613385 | 1 | 450.00 | English Books | |||
| Non-fiction | Narela | Narela | 18/02/2016 | TZ-15261-A/24.09.2015/144/16.09.2015/4.11.2015 | 450.00 | 361.32 JOH | B-613392 | 1 | 450.00 | English Books | |||
| Non-fiction | New Police Line | New Police Line | 18/02/2016 | TZ-15261-A/24.09.2015/144/16.09.2015/4.11.2015 | 450.00 | 361.32 JOH | B-613383 | 1 | 450.00 | English Books | |||
| Non-fiction | Patel Nagar | Patel Nagar | 18/02/2016 | TZ-15261-A/24.09.2015/144/16.09.2015/4.11.2015 | 450.00 | 361.32 JOH | B-613384 | 1 | 450.00 | English Books | |||
| Non-fiction | Peshwa Road | Peshwa Road | 18/02/2016 | TZ-15261-A/24.09.2015/144/16.09.2015/4.11.2015 | 450.00 | 361.32 JOH | B-613386 | 1 | 450.00 | English Books | |||
| Non-fiction | R.K.Puram-8 | R.K.Puram-8 | 18/02/2016 | TZ-15261-A/24.09.2015/144/16.09.2015/4.11.2015 | 450.00 | 361.32 JOH | B-613389 | 1 | 450.00 | English Books | |||
| Non-fiction | Sarojini Nagar | Sarojini Nagar | 18/02/2016 | TZ-15261-A/24.09.2015/144/16.09.2015/4.11.2015 | 450.00 | 361.32 JOH | B-613388 | 1 | 450.00 | English Books | |||
| Non-fiction | Shahdara Branch | Shahdara Branch | 18/02/2016 | TZ-15261-A/24.09.2015/144/16.09.2015/4.11.2015 | 450.00 | 361.32 JOH | B-613394 | 1 | 450.00 | English Books | |||
| Non-fiction | Sriniwas Puri | Sriniwas Puri | 18/02/2016 | TZ-15261-A/24.09.2015/144/16.09.2015/4.11.2015 | 450.00 | 361.32 JOH | B-613390 | 1 | 450.00 | English Books |
